Engineering Mechanics (Record no. 5183)

MARC details
000 -LEADER
fixed length control field 00333nam a2200133Ia 4500
082 ## - DEWEY DECIMAL CLASSIFICATION NUMBER
Classification number 620.1
Item number SHA
100 ## - MAIN ENTRY--PERSONAL NAME
Personal name Irving H. Shames
245 ## - TITLE STATEMENT
Title Engineering Mechanics
250 ## - EDITION STATEMENT
Edition statement 4th . Ed.
260 ## - PUBLICATION, DISTRIBUTION, ETC. (IMPRINT)
Name of publisher, distributor, etc Prentice Hall of India Private Limted
Place of publication, distribution, etc New Delhi
Year of Publication 2011
300 ## - PAGE DESCRIPTION
No. of Pages 836p.
700 ## - ADDED ENTRY--PERSONAL NAME
Personal name G. Krishna Mohanna Rao
942 ## - ADDED ENTRY ELEMENTS (KOHA)
Source of classification or shelving scheme Dewey Decimal Classification
Koha item type Books
Holdings
Withdrawn status Lost status Source of classification or shelving scheme Damaged status Not for loan Home library Current library Date acquired SGTU Full call number Accession No. (Barcode) Date last seen Bill Date Koha item type Total Checkouts Total Renewals Date last borrowed
Withdrawn   Dewey Decimal Classification     SGT Engineering Library SGT Engineering Library 24/06/2011 SGTU 620.1 SHA FE3107 09/02/2015 09/02/2015 Books      
    Dewey Decimal Classification     SGT Engineering Library SGT Engineering Library 24/06/2011 SGTU 620.1 SHA FE3108 09/02/2015 09/02/2015 Books      
    Dewey Decimal Classification     SGT Engineering Library SGT Engineering Library 24/06/2011 SGTU 620.1 SHA FE3109 09/02/2015 09/02/2015 Books      
    Dewey Decimal Classification     SGT Engineering Library SGT Engineering Library 24/06/2011 SGTU 620.1 SHA FE3110 27/10/2017 09/02/2015 Books 1 1 09/10/2017
    Dewey Decimal Classification     SGT Engineering Library SGT Engineering Library 24/06/2011 SGTU 620.1 SHA FE3111 29/08/2017 09/02/2015 Books